Countries Zendaya has Visited - Statistics

General Stats
  • This quiz has been taken 69 times
    15 since last reset
  • The average score is 15 of 18
Answer Stats
Continent Country % Correct
Oceania Australia
100%
South America Brazil
100%
North America Canada
100%
Europe France
100%
Europe Italy
100%
Europe Spain
100%
North America United States of America
100%
Asia India
91%
North America Mexico
91%
Europe Greece
82%
Africa South Africa
82%
Europe Switzerland
82%
Europe United Kingdom
82%
Europe Hungary
64%
Europe Netherlands
64%
Asia South Korea
64%
Asia United Arab Emirates
64%
Europe Czech Republic
55%
No matching quizzes found
Score Distribution
Percent of People with Each Score
Percentile by Number Answered
Your Score History
You have not taken this quiz since the last reset